Ethnic Minorities and Regional Organisations in the Polish Elections of 1991 and 1993

Titel: Ethnic Minorities and Regional Organisations in the Polish Elections of 1991 and 1993
Verfasser:
Beteiligt:
In: ˜Theœ political geography of current east - west relations, (1998), Seite 242-250, 3 Abb., 4 Tab.
alle Artikel anzeigen
Veröffentlicht: 1998
Format: Aufsatz
Sprache: Englisch
Kein Bild verfügbar
X
alg: 39210414
001A    $01999:11-11-16 
001B    $01999:26-04-21 $t20:14:25.000 
001D    $01999:11-11-16 
001U    $0utf8 
001X    $00 
002@    $0Aox 
003@    $0392104148 
007A    $0392104148 $aHEB 
007T    $0Herd31480 
010@    $aeng 
011@    $a1998 
021A    $aEthnic Minorities and Regional Organisations in the Polish Elections of 1991 and 1993 
028A    $aMatykowski $dRoman 
028B/01 $aTobolska $dAnna 
031A    $h242-250, 3 Abb., 4 Tab. $j1998 
037A    $adt. Res. 250: Ethnische Minderheiten und regionale Organisationen bei den polnischen Wahlen von 1991 und 1993; frz. Res. 250-251: Minorités ethniques et organisations régionales lors des élections polonaises de 1991 et 1993; russ. Res. 251: Nacional'nye men'šinstva i ich regional'nye organizacii na vyborach 1991 i 1993 v Pol'še 
039B    $aIn $8--Aau--. The @political geography of current east - west relations. - Leipzig : Inst. für Länderkunde, 1998. - 316 S.. - graph. Darst., Kt.. - ISBN 3-86082-032-X $x199800000000000758 $9060940980 
045F    $a304.609438 $eDDC23BSB 
045F/01 $a304.609 
045F/03 $g438 

lok: 39210414 78

exp: 39210414 78 1 #EPN
201B/01 $019-04-17 $t11:01:01.000 
201U/01 $0utf8 
203@/01 $0788200178 
208@/01 $a11-11-16 $be 
209A/01 $a/ $f000 $x00 
220C/01 $aTitelaufnehmer: jk;as 
244Z/01 $2Trx $#Poola $#Lenkija $#Polija $#Polen Land $#Poland $#Lengyelország $#Poľsko $#Polsko $8--Trx--Polska$gkraj $x01 $9391345966 
244Z/01 $aGeschichte 1946-1993 $x02 
244Z/01 $2Trx $#vähemused, rahvuslikud $#tautinės mažumos $#minorities, national $#kisebbségek, nemzeti $#mniejszości narodowe $#menšiny národnostné $#menšiny národnostní $#Minderheiten, sprachliche $#menšiny, jazykové $8--Trx--Minderheiten, nationale $x03 $9391373978 
244Z/01 $2Trx $#valimised, parlamendi $#rinkimai, parlamento $#elections, parliamentarian $#választások, országgyűlési $#wybory parlamentarne $#voľby parlamentné $#volby parlamentní $#Parlamentswahlen $8--Trx--Wahlen, parlamentarische $x04 $9391383973 
244Z/01 $2Trx $8--Trx--Einzelbeiträge $x05 $9391384570 
245Z/01 $a08.01 $x01 
247C/01 $82080>Marburg/Lahn, Herder-Institut, Forschungsbibliothek, Bibliographieportal $9336309341
LEADER 00000caa a22000002c 4500
001 392104148
003 DE-603
005 20210426201425.0
007 tu
008 161111s1998 xx |||| | u00||u|eng c
035 |a (DE-599)HEB392104148 
040 |a DE-603  |b ger  |c DE-603  |d DE-603 
041 |a eng 
082 0 4 |8 1\u  |a 304.609438  |q DE-101  |2 23/BSB 
085 |8 1\u  |b 304.609 
085 |8 1\u  |z 2  |s 438 
100 1 |a Matykowski, Roman 
245 0 0 |a Ethnic Minorities and Regional Organisations in the Polish Elections of 1991 and 1993 
264 0 |c 1998 
500 |a dt. Res. 250: Ethnische Minderheiten und regionale Organisationen bei den polnischen Wahlen von 1991 und 1993; frz. Res. 250-251: Minorités ethniques et organisations régionales lors des élections polonaises de 1991 et 1993; russ. Res. 251: Nacional'nye men'šinstva i ich regional'nye organizacii na vyborach 1991 i 1993 v Pol'še 
700 1 |a Tobolska, Anna 
773 0 8 |i In  |t ˜Theœ political geography of current east - west relations  |d Leipzig : Inst. für Länderkunde, 1998  |h 316 S., graph. Darst., Kt.  |z 386082032X  |g (1998), Seite 242-250, 3 Abb., 4 Tab.  |w (DE-603)060940980 
924 0 |9 2080  |a (DE-603)788200178  |b DE-2080  |c HES  |d d  |g /